00548 2200193 4500001002100000005001500021035002000036245009700056100001100153250001200164300003900176260004200215082001000257084001600267020001800283650002300301990001500324990001500339INLIS00000000003811620250704094642 a0010-07250000791 aKisah Seru Sejarah Kendaraan Pesawat Terbang :bSejarah Singkat Transportasi Udara /cOliver0 aOliver aPertama a24 Halaman :bIlustrasi ;c27.5 cm aJakarta :bBhuana Ilmu Pupoler,c2023 a629.1 a629.1 OLI k a9786230416118 4aTeknik Penerbangan a38069/P-25 a38069/P-25